Christmas Carols and Folk Songs (Registro nro. 324082)

Detalles MARC
000 -ENCABEZADO
Número de control [NR] 00991nam a22002177a 4500
005 - FECHA Y HORA DE LA ÚLTIMA TRANSACCIÓN
control field 20240404104402.0
008 - DE LONGITUD FIJA DE DATOS DE ELEMENTOS - INFORMACIÓN GENERAL
Elementos de longitud fija [NR] 240404b ||||| |||| 00| 0 eng d
040 ## - FUENTE DE CATALOGACION [NR]
Agencia de catalogación original [NR] CO-BoUCM
Quien Cataloga David Moreno
Quien Clasifica David Moreno
041 ## - CODIGO DE IDIOMA [R]
Código de idioma para texto/pista de sonido o título separado [R] Inglés
245 10 - MENCION DE TITULO [NR]
Título [NR] Christmas Carols and Folk Songs
Parte restante del título [NR] A Collection of 39 Corals of English, German, French,, Swedish, Russian and Norwegian Origin
Mención de responsabilidad, etc. [NR] collected edited and arranged by the faculty and students of the college of education university of minnesota
260 ## - PUBLICACION, DISTRIBUCION, ETC. (PIE DE IMPRENTA) [R]
Lugar de publicación, distribución, etc. [R] Minneapolis
Nombre del editor, distribuidor, etc. [R] Paul A Schmitt Music
Fecha de publicación, distribución, etc. [R] 1944
300 ## - DESCRIPCION FISICA [R]
Extensión [R] 44 Páginas
500 ## - NOTA GENERAL [R]
Nota general [NR] Una colección de treinta y nueve villancicos de origen inglés, alemán, francés, sueco, ruso y noruego
600 1# - ASIENTO SECUNDARIO DE MATERIA - NOMBRE PERSONAL [R]
Nombre personal [NR] John Leslie Paper Co
9 (RLIN) 180457
650 14 - ASIENTO SECUNDARIO DE MATERIA - TERMINO TEMATICO [R]
Término temático o nombre geográfico como elemento de entrada [NR] Libro de música
9 (RLIN) 180458
650 14 - ASIENTO SECUNDARIO DE MATERIA - TERMINO TEMATICO [R]
Término temático o nombre geográfico como elemento de entrada [NR] Villancicos de Navidad
9 (RLIN) 180459
650 14 - ASIENTO SECUNDARIO DE MATERIA - TERMINO TEMATICO [R]
Término temático o nombre geográfico como elemento de entrada [NR] Canciones populares
9 (RLIN) 7367
650 14 - ASIENTO SECUNDARIO DE MATERIA - TERMINO TEMATICO [R]
Término temático o nombre geográfico como elemento de entrada [NR] Música vintage
9 (RLIN) 180460
942 ## - ELEMENTOS DE ENTRADA AGREGADOS (KOHA)
Sistema de clasificación DEWEY
Tema principal Arte
Tipo de ítem principal el descrito en 300a Libro
Edición 1
Clasificación 782.42
Parte restante de la signatura top. C555c
Título oculto en OPAC No
Existencias
Total préstamos Signatura topográfica Código de barras Última vez visto Ejemplar Costo de reposición Price effective from Tipo de ítem Nota pública (OPAC) Perdido Sistema de clasificación Dañado No prestable Tipo de ítem específico Suprimido Ubicación habitual Ubicación actual Localización Fecha de creación Forma de adquisición
  782.42 C555c 100172432 10/12/2025 Ej.1 26000.00 04/04/2024 Libro Spot Teatro Musical   DEWEY     Libro   Sede del emprendimiento y la innovación Sede del Emprendimiento, Innovación y Creación 1er piso 04/04/2024 Donación